Central Library OPAC University of Rajshahi

How to stop worrying about your heart / (Record no. 20257)

MARC details
000 -LEADER
fixed length control field 00605nam a22002177a 4500
001 - CONTROL NUMBER
control field 20257
003 - CONTROL NUMBER IDENTIFIER
rucl marc code BD-RjUL
005 - DATE AND TIME OF LATEST TRANSACTION
control field 20211209000536.0
008 - FIXED-LENGTH DATA ELEMENTS--GENERAL INFORMATION
fixed length control field 140227s1957 pk ||||| |||| 00| 0 eng d
035 ## - SYSTEM CONTROL NUMBER
System control number (BD-RjUL)20319
040 ## - CATALOGING SOURCE
Original cataloging agency BD-RjUL
Language of cataloging eng
Transcribing agency BD-RjUL
Modifying agency BD-RjUL
041 ## - LANGUAGE CODE
Language code of text/sound track or separate title eng
082 04 - DEWEY DECIMAL CLASSIFICATION NUMBER
Classification number 302.1
Author mark and year PIH 1957
100 1# - MAIN ENTRY--PERSONAL NAME
Personal name Piracha, Abdur Rahim
9 (RLIN) 62440
245 10 - TITLE STATEMENT
Title How to stop worrying about your heart /
Statement of responsibility, etc. by Abdur Rahim Piracha
260 ## - PUBLICATION, DISTRIBUTION, ETC. (IMPRINT)
Place of publication, distribution, etc. Karachi :
Name of publisher, distributor, etc. Allies book cor.
Date of publication, distribution, etc. 1957.
300 ## - PHYSICAL DESCRIPTION
Pagination 164p. ;
Size 17cm.
650 #0 - SUBJECT ADDED ENTRY--TOPICAL TERM
Topical term or geographic name as entry element Anxiety.
9 (RLIN) 62441
Topical term or geographic name as entry element Worry.
9 (RLIN) 62442
942 ## - ADDED ENTRY ELEMENTS (KOHA)
Source of classification or shelving scheme Dewey Decimal Classification
Koha item type Books
Holdings
Lost status Source of classification or shelving scheme Damaged status Not for loan Collection code Permanent Location Current Location Shelving location Date acquired Source of acquisition Total Checkouts Full call number Date last seen Copy number Koha item type
  Dewey Decimal Classification   Not For Loan Non-fiction Central Library, University of Rajshahi Central Library, University of Rajshahi Reading Room 23/10/1990 Shukat osman   302.1 PIH 1957 27/02/2014 C-1 Books